000 00638nam a2200205 a 4500
001 000023103
005 20200930022005.0
008 101126s1977 sp r 000 0 spa d
040 _aDO-SdBNP
_bspa
_cBNPHU
082 _a843.912
_bA659b
100 1 _aAragón, Louis
_947567
245 1 0 _aBlanche o el olvido /
_cLouis Aragón ; traducción Ana M. de la Fuente.
260 _aBarcelona :
_bPlaza & Janés,
_c1977.
300 _a496 p. ;
_c18 cm.
500 _aPortada de Nieto
534 _aBlanche ou l´oubli.
650 4 _aNovela francesa
_91075
650 4 _aLiteratura francesa
_91074
700 1 _aFuente, Ana M. de la,
_etr.
_913413
999 _c22600
_d22600